Bougainville (soon to be) Country Quiz - Statistics

General Stats
  • This quiz has been taken 11 times
  • The average score is 3 of 15
Answer Stats
Question Answer % Correct
Bougainville is currently part of what country? Papua New Guinea
100%
What might be the official languages of Bougainville? English | Tok Pisin
64%
Once this region becomes independent, it will become the _____ member of the United Nations. (According to Jetpunk) 197th
36%
What is the most likely year for this region to gain independence? 2027
36%
When did the Bougainville crisis start? 1988
27%
When did the Bougainville crisis end? 1998
27%
What is the demonym of their people? Bougainvillean
27%
What is the name of their largest city? Buka
18%
When was the Bougainville flag adopted? 1975
9%
What is the name of the autonomous region's largest island? Bougainville Island
0%
This region is rich in _________ Gold & Copper
0%
What is the name of their largest mountain? Mount Balbi
0%
What copper mine is located in Bougainville? Panguna Mine
0%
What is the name of the longest river in Bougainville? Piva River
0%
What archipelago is this region part of? Solomon Archipelago
0%
No matching quizzes found
Score Distribution
Percent of People with Each Score
Percentile by Number Answered
Your Score History
You have not taken this quiz